| 000 | 00578nam a22001937a 4500 | ||
|---|---|---|---|
| 003 | NUST | ||
| 005 | 20230126161156.0 | ||
| 008 | 190705b ||||| |||| 00| 0 eng d | ||
| 038 | _aMr. Zahoor | ||
| 082 | _a530 | ||
| 100 |
_aNaeem, Danish _916810 |
||
| 245 |
_aStudy of Parallel Propagating Waves in Various Electron Plasma Environments _c Danish Naeem |
||
| 260 |
_aIslambad : _bSNS - NUST, _c2016. |
||
| 300 |
_a65 p. : ill. ; _c30cm. |
||
| 500 | _aHardcover. | ||
| 650 |
_aPhysics - M.phil Thesis _916472 |
||
| 700 |
_aDr. Muddasir Ali Shah _916811 |
||
| 942 |
_2ddc _cTHE |
||
| 999 |
_c525864 _d525864 |
||